00277nam a2200097Ia 4500008004100000100003500041245002400076260003100100300000800131650004000139190216s9999||||xx |||||||||||||| ||und|| a"Gupta Sl, Kumar V, Sharma Hv" 0aClassical Mechanics bPragathi Prakashanc1993 a40p aClassical Mechanics Solid Mechanics